000
00278nam a22001217a 4500
082
_a
920
_b
RAM/W
100
_a
RAMESH,B.G
245
_a
WORLD FAMOUS SCIENTISTS
260
_a
BANGALORE
_b
GANESH PUBLICATIONS
300
_a
128
650
_a
FAMOUS SCIENTISTS
_z
KARNATAKA
942
_c
BK
999
_c
6360
_d
6360